ARRUPE JESUIT UNIVERSITY

CORONAVIRUS -STOP THE SPREAD - CLEAN,DISINFECT,COVER

Elementary Luganda, (Record no. 123693)

MARC details
000 -LEADER
fixed length control field 00657cam a2200241I 4500
001 - CONTROL NUMBER
control field 4724442
003 - CONTROL NUMBER IDENTIFIER
control field ARRUPE
005 - DATE AND TIME OF LATEST TRANSACTION
control field 20151029150601.0
008 - FIXED-LENGTH DATA ELEMENTS--GENERAL INFORMATION
fixed length control field 830622s1951 ug 000 0 lug d
035 ## - SYSTEM CONTROL NUMBER
System control number (OCoLC)ocm09632638
035 ## - SYSTEM CONTROL NUMBER
System control number (NNC)4724442
040 ## - CATALOGING SOURCE
Original cataloging agency CLU
Transcribing agency CLU
050 ## - LIBRARY OF CONGRESS CALL NUMBER
Classification number PL8201.1
Item number K58
098 ## - OTHER CLASSIFICATION SCHEMES (OCLC)
Call number based on other classification scheme Rj
300 ## - PHYSICAL DESCRIPTION
Dimensions 21 cm.
100 1# - MAIN ENTRY--PERSONAL NAME
Personal name Kirwan, Brian Edmond Renshaw.
9 (RLIN) 20779
245 10 - TITLE STATEMENT
Title Elementary Luganda,
Statement of responsibility, etc by B. E. R. Kirwan & P. A. Gore.
260 ## - PUBLICATION, DISTRIBUTION, ETC. (IMPRINT)
Place of publication, distribution, etc Kampala,
Name of publisher, distributor, etc Uganda Bookshop,
Date of publication, distribution, etc 1951.
300 ## - PHYSICAL DESCRIPTION
Extent 150 p. ;
650 #0 - SUBJECT ADDED ENTRY--TOPICAL TERM
Topical term or geographic name as entry element Ganda language
General subdivision Grammar.
9 (RLIN) 20780
700 1# - ADDED ENTRY--PERSONAL NAME
Personal name Gore, P. A.
9 (RLIN) 20781
942 ## - ADDED ENTRY ELEMENTS (KOHA)
Source of classification or shelving scheme Library of Congress Classification
Koha item type Monograph ( Printed materials)
Holdings
Withdrawn status Lost status Source of classification or shelving scheme Damaged status Not for loan Collection code Home library Current library Shelving location Date acquired Total Checkouts Full call number Barcode Date last seen Price effective from Koha item type
    Library of Congress Classification     Main Collection ARRUPE LIBRARY ARRUPE LIBRARY Main Collection 29/10/2015   PL8201.1K58 46500005784 29/03/2019 29/10/2015 Monograph ( Printed materials)

 

Arrupe Library. PO Box MP320 Mt Pleasant, Harare, Zimbabwe
263 242 745411|librarian@aju.ac.zw